000 00603nam a22002057a 4500
005 20251108170928.0
008 250721s9999 xx 000 0 ara d
082 1 4 _aط/523/سلق
100 1 _aسلق، أحمد
_eمؤلف
245 1 0 _aالسدم و المجرات /
264 1 _aبيروت :
_bدار الشرق العربي،
300 _a8ص.
490 0 _aغرائب الكون للناشئة
650 1 7 _aالفلك
650 1 7 _aالمجرات
653 _aاطفال مرحلة متوسطة (6-9) سنوات
700 1 _aسلق، هيثم
942 _2ddc
_cBK
999 _c52363
_d52363